[Event "friends"]
[Site "SchemingMind.com"]
[Date "2009.07.01"]
[Round "-"]
[White "lemmie"]
[Black "Phillip Beckett"]
[Result "0-1"]
[WhiteCountry "NED"]
[BlackCountry "ENG"]
[WhiteElo "1577"]
[WhiteRD "50"]
[BlackElo "1632"]
[BlackRD "58"]
[GameID "210904"]

1. e4 e6 2. Nf3 d5 3. exd5 exd5 4. d4 Nf6 5. Bg5 Be7 6. Nc3 O-O 7. Bd3 h6 8. Bh4 c6 9. O-O Nbd7 10. Re1 Re8
11. a3 Nf8 12. Qd2 N6h7 13. Bxe7 Rxe7 14. Rxe7 Qxe7 15. Re1 Be6 16. Bf5 Qf6 17. Bxh7+ Nxh7 18. Na4 Ng5 19. Nxg5 Qxg5 20. Nc5 Qxd2
0-1

[Event "friends"]
[Site "SchemingMind.com"]
[Date "2009.07.01"]
[Round "-"]
[White "Phillip Beckett"]
[Black "lemmie"]
[Result "1/2-1/2"]
[WhiteCountry "ENG"]
[BlackCountry "NED"]
[WhiteElo "1632"]
[WhiteRD "58"]
[BlackElo "1577"]
[BlackRD "50"]
[GameID "210905"]

1. d4 d5 2. e3 Nf6 3. Bd3 Bg4 4. Nf3 e6 5. O-O Nc6 6. c3 Bd6 7. Nbd2 Ne7 8. Qe1 Ng6 9. h3 Bf5 10. e4 dxe4
11. Nxe4 Nxe4 12. Bxe4 Bxe4 13. Qxe4 O-O 14. Bg5 Be7 15. Bxe7 Qxe7 16. Ne5 Nxe5 17. Qxe5 f6 18. Qe4 c6 19. Rae1 Rfe8 20. f4 f5
21. Qe5 g6 22. Re2 Kf7 23. Rfe1 Rac8 24. Kh2 Rcd8 25. g4 Rd5 26. Qe3 fxg4 27. hxg4 Qh4+ 28. Qh3 Qxh3+=
1/2-1/2

[Event "friends"]
[Site "SchemingMind.com"]
[Date "2009.07.10"]
[Round "-"]
[White "Jägaren"]
[Black "lemmie"]
[Result "1-0"]
[WhiteCountry "SWE"]
[BlackCountry "NED"]
[WhiteElo "2090"]
[WhiteRD "131"]
[BlackElo "1596"]
[BlackRD "50"]
[GameID "211565"]

1. e4 e5 2. Nf3 Nc6 3. Bb5 a6 4. Ba4 b5 5. Bb3 Nf6 6. O-O Bb7 7. Re1 Na5 8. Nxe5 Nxb3 9. axb3 Bd6 10. d4 O-O
11. f3 Be7 12. Nd3 h6 13. c4 bxc4 14. bxc4 d6 15. Be3 c6 16. d5 cxd5 17. exd5 Re8 18. Qb3 Rb8 19. Ba7 Qc7 20. Bxb8 Rxb8
21. Qc3 Bc8 22. Kh1 Bf5 23. Nb4 Qb6 24. Nc6 Qxb2 25. Nxe7+
1-0

[Event "friends"]
[Site "SchemingMind.com"]
[Date "2009.07.07"]
[Round "-"]
[White "Jägaren"]
[Black "Phillip Beckett"]
[Result "1-0"]
[WhiteCountry "SWE"]
[BlackCountry "ENG"]
[WhiteElo "2090"]
[WhiteRD "131"]
[BlackElo "1630"]
[BlackRD "64"]
[GameID "211566"]

1. e4 e6 2. d4 d5 3. Nc3 dxe4 4. Nxe4 Be7 5. Nf3 Nf6 6. Bd3 Nbd7 7. Bg5 Nxe4 8. Bxe7 Qxe7 9. Bxe4 Nf6 10. Bd3 O-O
11. Qe2 Bd7 12. O-O c5 13. Qe5 cxd4 14. Nxd4 Rfd8 15. Rfe1 Bc6 16. Nxc6 bxc6 17. Qe3 Qb7 18. b3 Nd5 19. Qf3 Rac8 20. a3 c5
21. c4 Qa8 22. cxd5 Qxd5 23. Qxd5 Rxd5 24. Bc4 Rd2 25. Rxe6 fxe6 26. Bxe6+ Kf8 27. Bxc8 Rd3 28. Be6 Rd6 29. Bc4 Rd2 30. Re1
1-0

[Event "friends"]
[Site "SchemingMind.com"]
[Date "2009.07.10"]
[Round "-"]
[White "lemmie"]
[Black "Jägaren"]
[Result "0-1"]
[WhiteCountry "NED"]
[BlackCountry "SWE"]
[WhiteElo "1596"]
[WhiteRD "50"]
[BlackElo "2090"]
[BlackRD "131"]
[GameID "211567"]

1. e4 c5 2. Nf3 Nc6 3. Nc3 Nf6 4. Bc4 e6 5. d3 d5 6. exd5 exd5 7. Bb5 d4 8. Ne2 Qa5+ 9. c3 Qxb5 10. O-O Bg4
11. Ng3 dxc3 12. Re1+ Be7 13. h3 cxb2 14. Rb1 Bxf3 15. Qxf3 bxc1=Q 16. Rexc1 Qa6 17. Re1 O-O-O 18. Qf5+ Kb8 19. Re2 Nd4 20. Rxe7 Nxf5
21. Nxf5 Rd7
0-1

[Event "friends"]
[Site "SchemingMind.com"]
[Date "2009.07.07"]
[Round "-"]
[White "Phillip Beckett"]
[Black "Jägaren"]
[Result "0-1"]
[WhiteCountry "ENG"]
[BlackCountry "SWE"]
[WhiteElo "1630"]
[WhiteRD "64"]
[BlackElo "2090"]
[BlackRD "131"]
[GameID "211568"]

1. d4 d5 2. e3 f5 3. Bd3 Nf6 4. f4 e6 5. Nf3 Nbd7 6. O-O Be7 7. Ne5 O-O 8. Nd2 Ne4 9. Ndf3 c5 10. c3 Qc7
11. Qe1 c4 12. Bc2 a5 13. Nxd7 Bxd7 14. Ne5 b5 15. a3 b4 16. axb4 axb4 17. Rxa8 Rxa8 18. Bd2 b3 19. Bxe4 dxe4 20. g4 Ra2
21. Bc1 Bc6 22. gxf5 exf5 23. Qg3 Bd5 24. Qh3 g6 25. Qh6 Bf8 26. Qh4= Bg7 27. Kh1 Ra6 28. Rg1 Ra2 29. Qg3 Qe7 30. Nxg6 hxg6
31. Qxg6 Qf7 32. Qb6 Kh7 33. Qd8 Bf6 34. Qc8 Bh4 35. Rg2 Ra8 36. Qc5 Ra1 37. Rg1 Qh5 38. Qc7+ Bf7 39. Qe5 Qf3+
0-1

[Event "friends"]
[Site "SchemingMind.com"]
[Date "2009.07.10"]
[Round "-"]
[White "fervac"]
[Black "lemmie"]
[Result "1-0"]
[WhiteCountry "NCA"]
[BlackCountry "NED"]
[WhiteElo "1940"]
[WhiteRD "75"]
[BlackElo "1596"]
[BlackRD "50"]
[GameID "211576"]

1. d4 d5 2. c4 dxc4 3. e3 Nf6 4. Bxc4 e6 5. Nf3 Bb4+ 6. Bd2 Nc6 7. O-O Ne4 8. Nc3 Nxd2 9. Qxd2 Bd7 10. a3 Ba5
11. b4 Bb6 12. d5 exd5 13. Nxd5 O-O 14. Rfd1 Be6 15. Rac1 a6 16. h3 Qe7 17. Nxe7+
1-0

[Event "friends"]
[Site "SchemingMind.com"]
[Date "2009.07.07"]
[Round "-"]
[White "fervac"]
[Black "Phillip Beckett"]
[Result "1/2-1/2"]
[WhiteCountry "NCA"]
[BlackCountry "ENG"]
[WhiteElo "1940"]
[WhiteRD "75"]
[BlackElo "1630"]
[BlackRD "64"]
[GameID "211577"]

1. d4 d5 2. c4 e6 3. Nc3 Nf6 4. Nf3 Be7 5. Bg5 h6 6. Bh4 O-O 7. e3 Ne4 8. Bxe7 Qxe7 9. Qc2 Nxc3 10. bxc3 c6
11. cxd5 exd5 12. Bd3 Bg4 13. Ne5 Be6 14. O-O Nd7 15. Nxd7 Qxd7 16. a4 f5 17. Rab1 f4 18. e4 dxe4 19. Bxe4 Bd5 20. c4 Bxe4
21. Qxe4 Rae8 22. Qd3 Qg4 23. Qf3 Qxf3 24. gxf3 Rf7 25. Rfd1 Re2 26. d5 cxd5 27. cxd5 Rd7 28. Rb4 Re5 29. Rbd4 Rd6 30. h4 g5
31. Kg2 Kf7 32. Kh3 b6 33. Kg4 Kf6 34. hxg5+ hxg5 35. R1d2 Rf5 36. R2d3 Re5=
1/2-1/2

[Event "friends"]
[Site "SchemingMind.com"]
[Date "2009.07.08"]
[Round "-"]
[White "fervac"]
[Black "Jägaren"]
[Result "1-0"]
[WhiteCountry "NCA"]
[BlackCountry "SWE"]
[WhiteElo "1980"]
[WhiteRD "81"]
[BlackElo "2068"]
[BlackRD "108"]
[GameID "211578"]

1. d4 d5 2. c4 c6 3. Nc3 Nf6 4. Nf3 e6 5. Bg5 dxc4 6. a4 Bb4 7. e3 b5 8. Be2 Nbd7 9. O-O Qb6 10. Qc2 Bb7
11. e4 O-O 12. Rfd1 h6 13. e5 hxg5 14. Nxg5 Be7 15. a5 Qc7 16. a6 Bc8 17. Bf3 Qb6 18. h4 Bxa6 19. exf6 Nxf6 20. Nce4 Nxe4
21. Qxe4 Bxg5 22. hxg5 Bb7 23. g6 Qc7 24. Bh5 fxg6 25. Bxg6 Rf6 26. Ra3 Qf4 27. Qc2 Qh6 28. Be4 Rf4 29. g3 Rf6 30. Kg2 Qg5
31. Rh1 Raf8 32. Bh7+ Kf7 33. Rxa7 Ke8 34. Rxb7 Rxf2+ 35. Qxf2 Qd5+ 36. Kg1 Qxh1+ 37. Kxh1 Rxf2 38. Be4 Rxb2 39. Bxc6+ Kd8 40. Rxb5 c3
41. Rxb2 cxb2 42. Be4 Kc7 43. Kg2 Kb6 44. Kf2 Kb5 45. Ke3 Kc4 46. Bb1
1-0

[Event "friends"]
[Site "SchemingMind.com"]
[Date "2009.07.11"]
[Round "-"]
[White "lemmie"]
[Black "fervac"]
[Result "0-1"]
[WhiteCountry "NED"]
[BlackCountry "NCA"]
[WhiteElo "1628"]
[WhiteRD "54"]
[BlackElo "1965"]
[BlackRD "78"]
[GameID "211579"]

1. e4 e6 2. d4 d5 3. Nc3 Bb4 4. e5 c5 5. a3 Bxc3+ 6. bxc3 Qc7 7. Qg4 f5 8. exf6 Nxf6 9. Qg3 Qxg3 10. hxg3 h6
11. Nf3 Nc6 12. Bb5 Bd7 13. a4 Na5 14. Bxd7+ Nxd7 15. Ba3 b6 16. O-O Nc4 17. Bc1 Rc8 18. Re1 Kf7 19. Kh1= Rhe8 20. Kg1 e5
21. dxe5 Ndxe5 22. Nxe5+ Nxe5 23. Bf4 Nc4 24. Kf1 g5 25. Bc1 Rxe1+ 26. Kxe1 Re8+ 27. Kf1 Re4 28. f3 Re6 29. Kf2 Kg6 30. g4 Rd6
31. Ke2 d4 32. cxd4 Rxd4 33. c3 Rd6 34. Ra2 a6 35. Ra1 Kf6 36. Ra2 Ke5 37. Ra1= b5 38. Ra2 b4 39. cxb4 cxb4 40. Rc2 Rd4
41. Bb2 Nxb2 42. Rxb2 a5 43. Ke3 Rc4 44. Kd3 Rc3+ 45. Kd2 Kf4 46. Ke1 Ra3 47. Re2 Re3 48. Kf2 Rxe2+
0-1

[Event "friends"]
[Site "SchemingMind.com"]
[Date "2009.07.07"]
[Round "-"]
[White "Phillip Beckett"]
[Black "fervac"]
[Result "0-1"]
[WhiteCountry "ENG"]
[BlackCountry "NCA"]
[WhiteElo "1632"]
[WhiteRD "58"]
[BlackElo "1987"]
[BlackRD "82"]
[GameID "211580"]

1. d4 Nf6 2. e3 d5 3. f4 g6 4. Nf3 Bg7 5. Bd3 O-O 6. O-O c5 7. c3 Nc6 8. Ne5 Qc7 9. Nd2 Nxe5 10. fxe5 Bg4
11. Qe1 Nd7 12. Nf3 Bxf3 13. Rxf3 Bxe5 14. dxe5 Nxe5 15. e4 Nxf3+ 16. gxf3 d4 17. cxd4 cxd4 18. Bh6 Rfd8 19. Qd2 Qe5 20. Bf4 Qh5
21. Qe2 e5 22. Bg3 a6 23. Kf2 Rac8 24. f4 exf4 25. Bxf4 Qh4+ 26. Bg3 Qg5 27. Rd1 Rc6 28. Rd2 Rdc8 29. Rc2 Qe3+ 30. Ke1 Rxc2
31. Qxe3 dxe3 32. Bxc2 Rxc2
0-1

[Event "friends"]
[Site "SchemingMind.com"]
[Date "2009.07.10"]
[Round "-"]
[White "Jägaren"]
[Black "fervac"]
[Result "1-0"]
[WhiteCountry "SWE"]
[BlackCountry "NCA"]
[WhiteElo "2090"]
[WhiteRD "131"]
[BlackElo "1940"]
[BlackRD "75"]
[GameID "211581"]

1. e4 c5 2. Nf3 d6 3. d4 cxd4 4. Nxd4 Nf6 5. Nc3 g6 6. Be3 Bg7 7. f3 O-O 8. Qd2 Nc6 9. O-O-O Bd7 10. g4 Rc8
11. h4 Ne5 12. Kb1 Nc4 13. Bxc4 Rxc4 14. h5 Qc8 15. Nde2 b5 16. e5 Ne8 17. Bh6 Be6 18. Bxg7 Nxg7 19. exd6 exd6 20. hxg6 fxg6
21. Qh6 b4 22. Qxh7+ Kf7 23. Nb5 Rd8 24. Rh6 Bf5 25. gxf5 Qxf5 26. Ned4 Qf6 27. Rg1 Rxd4 28. Nxd4 Qxd4 29. Qxg6+ Kg8 30. Rh3 Rf8
31. Rgh1
1-0

[Event "friends"]
[Site "SchemingMind.com"]
[Date "2009.07.10"]
[Round "-"]
[White "chessman"]
[Black "fervac"]
[Result "0-1"]
[WhiteCountry "MEX"]
[BlackCountry "NCA"]
[WhiteElo "1178"]
[WhiteRD "152"]
[BlackElo "1965"]
[BlackRD "78"]
[GameID "211657"]

1. d4 Nf6 2. c4 c5 3. d5 b5 4. cxb5 a6 5. bxa6 Bxa6 6. Nc3 d6 7. g3 g6 8. Bg2 Bg7 9. Nh3 O-O 10. O-O Nbd7
11. Re1 Qb6 12. Nf4 Rfb8 13. e4 Ne5 14. h3 h5 15. Na4 Qa7 16. b3 g5 17. Ne2 Nd3 18. Rf1 g4 19. Rb1 gxh3 20. Bh1 Ng4
21. Be3 Rb4 22. Qd2 h2+ 23. Kg2 Rxe4 24. Nac3 Rb4 25. Nd1 Qd7 26. f3 Nxe3+
0-1

[Event "friends"]
[Site "SchemingMind.com"]
[Date "2009.07.10"]
[Round "-"]
[White "chessman"]
[Black "lemmie"]
[Result "0-1"]
[WhiteCountry "MEX"]
[BlackCountry "NED"]
[WhiteElo "1178"]
[WhiteRD "152"]
[BlackElo "1628"]
[BlackRD "54"]
[GameID "211658"]

1. Nf3 Nc6 2. d4 d5 3. Bf4 Nf6 4. h3 e6 5. e3 Bd6 6. Bxd6 Qxd6 7. c3 a6 8. Bd3 Bd7 9. Nbd2 O-O 10. O-O e5
11. dxe5 Nxe5 12. Nxe5 Qxe5 13. Nf3 Qd6 14. Qc2 g6 15. Rfd1 c6 16. c4 Qc7 17. Rac1 Qc8
0-1

[Event "friends"]
[Site "SchemingMind.com"]
[Date "2009.07.08"]
[Round "-"]
[White "chessman"]
[Black "Phillip Beckett"]
[Result "0-1"]
[WhiteCountry "MEX"]
[BlackCountry "ENG"]
[WhiteElo "1178"]
[WhiteRD "152"]
[BlackElo "1643"]
[BlackRD "65"]
[GameID "211659"]

1. d4 d5 2. c4 e6 3. Nc3 Nf6 4. Nf3 Be7 5. Bf4 c6 6. h3 O-O 7. e3 Nbd7 8. Bd3 dxc4 9. Bxc4 Nb6 10. Bb3 Nbd5
11. Nxd5 exd5 12. O-O Bd6 13. Bxd6 Qxd6 14. Rc1 Ne4 15. Qe2 Qg6 16. Ne5 Qg5 17. f4 Qh6 18. Rf3 f6 19. Ng4 Bxg4 20. hxg4 f5
21. g5 Qg6 22. Bc2 Rae8 23. Rh3 Nd6 24. Kf2 Ne4+ 25. Bxe4 Rxe4 26. Rch1 Rfe8 27. Rxh7 Qxh7 28. Rxh7 Kxh7 29. Qh5+ Kg8
0-1

[Event "friends"]
[Site "SchemingMind.com"]
[Date "2009.07.08"]
[Round "-"]
[White "chessman"]
[Black "Jägaren"]
[Result "0-1"]
[WhiteCountry "MEX"]
[BlackCountry "SWE"]
[WhiteElo "1178"]
[WhiteRD "152"]
[BlackElo "2090"]
[BlackRD "111"]
[GameID "211660"]

1. d4 d5 2. c4 c6 3. Nc3 Nf6 4. Bf4 Bf5 5. e3 Nbd7 6. h3 g6 7. Nf3 Bg7 8. Qb3 Qb6 9. Nd2 Qxb3 10. Nxb3 dxc4
11. Bxc4 Nb6 12. Be2 Nfd5 13. Nxd5 Nxd5 14. Bg3 h5 15. O-O a5 16. a3 h4 17. Bh2 Kf8 18. Bf3 a4
0-1

[Event "friends"]
[Site "SchemingMind.com"]
[Date "2009.07.10"]
[Round "-"]
[White "fervac"]
[Black "chessman"]
[Result "1-0"]
[WhiteCountry "NCA"]
[BlackCountry "MEX"]
[WhiteElo "1965"]
[WhiteRD "78"]
[BlackElo "1178"]
[BlackRD "152"]
[GameID "211661"]

1. d4 c6 2. e4 d5 3. e5 Bf5 4. Nc3 e6 5. g4 Bg6 6. Nge2 h6 7. h4 Bb4 8. Be3 Nd7 9. Qd2 Be4 10. Rh2 Ne7
11. O-O-O Bf3 12. Bh3 Qa5 13. Kb1 Bxe2 14. Qxe2 Bxc3 15. bxc3 Qxc3 16. Rd3 Qc4 17. Qd2 a5 18. Rb3 Qa6 19. f4 a4 20. Rc3 b5
21. f5 b4 22. Rd3 Nb6 23. fxe6 fxe6 24. g5 Nc4 25. Qe2 b3 26. cxb3 axb3 27. Rxb3 Na3+ 28. Kc1
1-0

[Event "friends"]
[Site "SchemingMind.com"]
[Date "2009.07.10"]
[Round "-"]
[White "lemmie"]
[Black "chessman"]
[Result "1-0"]
[WhiteCountry "NED"]
[BlackCountry "MEX"]
[WhiteElo "1628"]
[WhiteRD "54"]
[BlackElo "1178"]
[BlackRD "152"]
[GameID "211662"]

1. e4 c6 2. Nf3 d5 3. exd5 cxd5 4. d4 Bg4 5. Be2 e6 6. h3 Bh5 7. a3 Nf6 8. Be3 Bd6 9. Nc3 O-O 10. O-O Nc6
11. Re1 a6 12. Bg5 h6 13. Bh4 Be7 14. Bxf6 Bxf6 15. Na4 Rc8 16. c3 Be7 17. b4
1-0

[Event "friends"]
[Site "SchemingMind.com"]
[Date "2009.07.08"]
[Round "-"]
[White "Phillip Beckett"]
[Black "chessman"]
[Result "1-0"]
[WhiteCountry "ENG"]
[BlackCountry "MEX"]
[WhiteElo "1643"]
[WhiteRD "65"]
[BlackElo "1178"]
[BlackRD "152"]
[GameID "211663"]

1. d4 c6 2. e3 d5 3. Bd3 Nf6 4. f4 Nbd7 5. Nf3 e6 6. O-O Bd6 7. Ne5 O-O 8. Nd2 c5 9. c3 c4 10. Bc2 g6
11. Ndf3 Re8 12. Nxd7 Bxd7 13. Ne5 Qc7 14. Bd2 b5 15. Be1 a5 16. Bh4 Be7 17. Bxf6 Bxf6 18. Qg4 Bg7 19. h4 h5 20. Qg3 Rf8
21. Nxg6 fxg6 22. Qxg6 Rf6 23. Qh7+ Kf8 24. Qxh5 Be8 25. Qg4 b4 26. f5 e5 27. h5 e4 28. Rf4 Bh6 29. Rf2 Bxe3 30. Rf1
1-0

[Event "friends"]
[Site "SchemingMind.com"]
[Date "2009.07.08"]
[Round "-"]
[White "Jägaren"]
[Black "chessman"]
[Result "1-0"]
[WhiteCountry "SWE"]
[BlackCountry "MEX"]
[WhiteElo "2090"]
[WhiteRD "111"]
[BlackElo "1178"]
[BlackRD "152"]
[GameID "211664"]

1. e4 c6 2. d4 d5 3. Nc3 dxe4 4. Nxe4 Nd7 5. Ng5 Ngf6 6. Bd3 h6 7. Ne6 Qa5+ 8. Bd2 Qb6 9. Nxf8 Nxf8 10. Bc3 Bg4
11. Ne2 Ne6 12. f3 Bh5 13. Bf5 Nf8 14. Nf4 e6 15. Bd3 O-O-O 16. Qd2 g5 17. d5 e5 18. Bf5+
1-0

[Event "friends"]
[Site "SchemingMind.com"]
[Date "2009.07.10"]
[Round "-"]
[White "Patrick O'Sullivan"]
[Black "fervac"]
[Result "1/2-1/2"]
[WhiteCountry "IRL"]
[BlackCountry "NCA"]
[WhiteElo "1949"]
[WhiteRD "120"]
[BlackElo "1940"]
[BlackRD "75"]
[GameID "211698"]

1. e4 c5 2. Nc3 d6 3. f4 Nc6 4. Nf3 g6 5. Bb5 Bd7 6. O-O Bg7 7. Qe1 e6 8. Bxc6 Bxc6 9. f5 Ne7 10. fxe6 fxe6
11. d3 O-O 12. Bg5 Qd7 13. Qh4 Rae8 14. Bh6 d5 15. Bxg7 Kxg7 16. Ne5 Qd6 17. Ng4 Ng8 18. e5 Qe7 19. Qxe7+ Rxe7 20. Rxf8 Kxf8
21. Rf1+ Rf7 22. Rxf7+ Kxf7 23. Ne2 h5 24. Nf2 Ne7 25. c3 Nf5 26. g4 Ne3 27. h3 a5 28. Kh2 h4 29. g5 a4 30. Ng4 Nd1
31. b3 c4 32. bxc4 dxc4 33. dxc4 Bf3 34. Nh6+ Ke7 35. Nf4 Be4 36. Ng8+ Kf7 37. Nh6+ Ke7 38. Ng8+ Kf7 39. Nh6+ Ke7 40. Ng8+=
1/2-1/2

[Event "friends"]
[Site "SchemingMind.com"]
[Date "2009.07.10"]
[Round "-"]
[White "Patrick O'Sullivan"]
[Black "lemmie"]
[Result "1-0"]
[WhiteCountry "IRL"]
[BlackCountry "NED"]
[WhiteElo "1949"]
[WhiteRD "120"]
[BlackElo "1596"]
[BlackRD "50"]
[GameID "211699"]

1. e4 e5 2. Nc3 Nf6 3. g3 Nc6 4. Bg2 Bc5 5. Nf3 d6 6. O-O Bd7 7. d3 Nd4 8. a3 Nxf3+ 9. Bxf3 Qc8 10. Be3 Bxe3
11. fxe3 Bg4 12. Nd5 Bh3 13. Nxf6+ gxf6 14. Bg2 Ke7 15. Qh5 Bxg2 16. Kxg2 Qe6 17. Rf5 Rag8 18. Raf1 Rg6 19. Qh4 h6 20. d4 c6
21. c4 d5 22. dxe5 dxc4 23. Rxf6 Rxf6 24. Rxf6 Qxe5 25. Rf5+
1-0

[Event "friends"]
[Site "SchemingMind.com"]
[Date "2009.07.09"]
[Round "-"]
[White "Patrick O'Sullivan"]
[Black "Phillip Beckett"]
[Result "1-0"]
[WhiteCountry "IRL"]
[BlackCountry "ENG"]
[WhiteElo "1950"]
[WhiteRD "176"]
[BlackElo "1632"]
[BlackRD "58"]
[GameID "211700"]

1. e4 e6 2. d4 d5 3. Nc3 dxe4 4. Nxe4 Be7 5. Nf3 Nf6 6. Nxf6+ Bxf6 7. Bd3 Nd7 8. O-O O-O 9. c3 c5 10. dxc5 Nxc5
11. Bc2 Qxd1 12. Rxd1 Rd8 13. Rxd8+ Bxd8 14. Be3 b6 15. b4 Na6 16. Be4 Rb8 17. Bf4 Bc7 18. Rd1 f5 19. Bxc7 Nxc7 20. Rd8+ Kf7
21. Bc6 Ke7 22. Rg8 Kf7 23. Rh8 h6 24. Bd7 Ke7 25. Rxc8
1-0

[Event "friends"]
[Site "SchemingMind.com"]
[Date "2009.07.10"]
[Round "-"]
[White "Patrick O'Sullivan"]
[Black "Jägaren"]
[Result "1/2-1/2"]
[WhiteCountry "IRL"]
[BlackCountry "SWE"]
[WhiteElo "1996"]
[WhiteRD "104"]
[BlackElo "2090"]
[BlackRD "111"]
[GameID "211701"]

1. e4 c5 2. Nc3 Nc6 3. f4 g6 4. Nf3 Bg7 5. g3 d6 6. Bg2 e6 7. O-O Nge7 8. d3 O-O 9. Ne2 d5 10. c3 b6
11. exd5 exd5 12. d4 Ba6 13. Re1 Qd6 14. Be3 Nf5 15. dxc5 bxc5 16. Bf2 Rab8 17. Qa4 Nd8 18. g4 Rxb2 19. gxf5 Rxe2 20. Rxe2 Bxe2
21. fxg6 fxg6 22. Qa3 Rxf4 23. Bg3 Kh8 24. Re1 Bxf3 25. Bxf3 Be5 26. Bxf4 Bxf4 27. Qxa7 Bxh2+ 28. Kh1 Be5 29. Qa8 Qf8 30. Qxd5 Bxc3
31. Rd1 Ne6 32. Qa8 Qxa8 33. Bxa8 Nd4 34. Rc1 Bb4 35. Bd5 Ne2 36. Rc4 Nc3 37. a3= Nxd5 38. axb4 cxb4 39. Rd4= Nf6 40. Rxb4 Kg7
41. Rb7+ Kh6 42. Kg2 g5 43. Rb6 Kg6 44. Kf3 h5 45. Kg3 Kf5 46. Rb5+ Kg6=
1/2-1/2

[Event "friends"]
[Site "SchemingMind.com"]
[Date "2009.07.08"]
[Round "-"]
[White "Patrick O'Sullivan"]
[Black "chessman"]
[Result "1-0"]
[WhiteCountry "IRL"]
[BlackCountry "MEX"]
[WhiteElo "1949"]
[WhiteRD "120"]
[BlackElo "1320"]
[BlackRD "267"]
[GameID "211702"]

1. e4 c6 2. d4 d5 3. exd5 cxd5 4. c4 Nf6 5. Nc3 a6 6. Qb3 e6 7. cxd5 Nxd5 8. g3 Qb6 9. Qc4 Nc6 10. Nge2 Na5
11. Nxd5 exd5 12. Qxd5 Be6 13. Qe4 Bb4+ 14. Nc3 O-O 15. Bd3 g6 16. O-O Bf5 17. Qe2 Rfe8 18. Qf3 Bh3 19. Nd5 Qxd4 20. Nf6+ Kg7
21. Nxe8+ Rxe8 22. Be3 Qd7 23. Rfc1 Bg4 24. Qf4 Bd6 25. Bd4+ Kg8 26. Qf6
1-0

[Event "friends"]
[Site "SchemingMind.com"]
[Date "2009.07.10"]
[Round "-"]
[White "fervac"]
[Black "Patrick O'Sullivan"]
[Result "0-1"]
[WhiteCountry "NCA"]
[BlackCountry "IRL"]
[WhiteElo "1940"]
[WhiteRD "75"]
[BlackElo "1949"]
[BlackRD "120"]
[GameID "211704"]

1. d4 c6 2. e4 d5 3. e5 c5 4. c3 Nc6 5. Nf3 Bg4 6. Be2 e6 7. O-O Qb6 8. Be3 Bxf3 9. Bxf3 cxd4 10. cxd4 Qxb2
11. Nd2 Bb4 12. Nb3 Qa3 13. Qd3 Nge7 14. Bg4 O-O 15. f4 g6 16. h4 a6 17. h5 Nf5 18. Bxf5 exf5 19. g4 Ne7 20. Kh1 Rfc8
21. Rac1 fxg4 22. f5 Rxc1 23. Bxc1 Qxa2 24. hxg6 hxg6 25. Bg5 Nxf5 26. Bf6 g3
0-1

[Event "friends"]
[Site "SchemingMind.com"]
[Date "2009.07.11"]
[Round "-"]
[White "lemmie"]
[Black "Patrick O'Sullivan"]
[Result "0-1"]
[WhiteCountry "NED"]
[BlackCountry "IRL"]
[WhiteElo "1596"]
[WhiteRD "50"]
[BlackElo "1949"]
[BlackRD "120"]
[GameID "211705"]

1. e4 c6 2. Nf3 d5 3. exd5 cxd5 4. d4 Bg4 5. Be2 e6 6. h3 Bh5 7. g4 Bg6 8. Nc3 Nc6 9. Be3 Nf6 10. Nh4 Bb4
11. Nxg6 hxg6 12. Qd3 Ne4 13. a3 Qa5 14. O-O Bxc3 15. bxc3 Qxc3 16. a4 Qxd3 17. Bxd3 Rxh3 18. Kg2 Rh8 19. Bb5 Kd7 20. f3 Nd6
21. Rab1 Nxb5 22. axb5 Na5 23. Bf4 Nc4 24. c3 b6 25. Bg3 Nd2
0-1

[Event "friends"]
[Site "SchemingMind.com"]
[Date "2009.07.09"]
[Round "-"]
[White "Phillip Beckett"]
[Black "Patrick O'Sullivan"]
[Result "0-1"]
[WhiteCountry "ENG"]
[BlackCountry "IRL"]
[WhiteElo "1630"]
[WhiteRD "64"]
[BlackElo "1949"]
[BlackRD "120"]
[GameID "211706"]

1. d4 d5 2. e3 Nf6 3. Bd3 e6 4. f4 c5 5. c3 Nc6 6. Nf3 Be7 7. O-O O-O 8. Ne5 Nd7 9. Nd2 f5 10. Ndf3 Ndxe5
11. fxe5 Bd7 12. Qe1 Be8 13. Qg3 Bg6 14. Qh3 c4 15. Bc2 b5 16. Bd2 a5 17. Be1 b4 18. Nh4 Bxh4 19. Bxh4 Qb6 20. Bg5 bxc3
21. bxc3 Qb2 22. Ba4 Rfc8 23. Rfc1 Qa3 24. Bxc6 Rxc6 25. Qf3 Rb6 26. Qe2 f4 27. exf4 Rb2 28. Qg4 Bf5 29. Qg3 Rab8 30. Bf6 g6
31. h4 Be4 32. h5 Rxg2+ 33. Qxg2 Bxg2 34. Kxg2 Qb2+ 35. Kf3 Qd2 36. hxg6 Qd3+ 37. Kg4 Qxg6+ 38. Kf3 Qe4+ 39. Kg3 Kf7
0-1

[Event "friends"]
[Site "SchemingMind.com"]
[Date "2009.07.10"]
[Round "-"]
[White "Jägaren"]
[Black "Patrick O'Sullivan"]
[Result "1-0"]
[WhiteCountry "SWE"]
[BlackCountry "IRL"]
[WhiteElo "2090"]
[WhiteRD "111"]
[BlackElo "1996"]
[BlackRD "104"]
[GameID "211707"]

1. e4 e5 2. Nf3 Nc6 3. Bb5 a6 4. Ba4 Nf6 5. O-O Be7 6. Re1 b5 7. Bb3 O-O 8. c3 d5 9. exd5 Nxd5 10. Nxe5 Nxe5
11. Rxe5 Nf6 12. d4 Bd6 13. Re1 Ng4 14. h3 Qh4 15. Qf3 Nxf2 16. Re2 Bg4 17. hxg4 Bh2+ 18. Kf1 Bg3 19. Rxf2 Bxf2 20. Qxf2 Qh1+
21. Qg1 Qh4 22. Bd5 Rad8 23. c4 bxc4 24. Bxc4 Qxg4 25. Be3 c5 26. Be2 Qe6 27. Qf2 Rfe8 28. Bg5 Rd5 29. Bc4 Qg4 30. Nd2 Qxg5
31. Bxd5 Qxd5 32. dxc5 h6 33. Kg1
1-0

[Event "friends"]
[Site "SchemingMind.com"]
[Date "2009.07.08"]
[Round "-"]
[White "chessman"]
[Black "Patrick O'Sullivan"]
[Result "0-1"]
[WhiteCountry "MEX"]
[BlackCountry "IRL"]
[WhiteElo "1178"]
[WhiteRD "152"]
[BlackElo "1996"]
[BlackRD "104"]
[GameID "211708"]

1. d4 c6 2. e4 d5 3. exd5 cxd5 4. c4 Nf6 5. Nc3 g6 6. cxd5 Nxd5 7. Bc4 Nb6 8. Bb3 Bg7 9. Nge2 O-O 10. O-O Nc6
11. Be3 Na5 12. Bc2 Nac4 13. Bc1 Nd5 14. Ne4 Nd6 15. Nc5 b6 16. Nb3 Bf5 17. Bxf5 Nxf5 18. Bd2 Qd7 19. Qc2 Rac8 20. Qd3 a5
21. Rac1 Rfd8 22. Rxc8 Rxc8 23. Rd1 Qa4 24. a3 Qc4 25. Qxc4 Rxc4
0-1

[Event "friends"]
[Site "SchemingMind.com"]
[Date "2009.07.08"]
[Round "-"]
[White "coco"]
[Black "Patrick O'Sullivan"]
[Result "0-1"]
[WhiteCountry "URU"]
[BlackCountry "IRL"]
[WhiteElo "1252"]
[WhiteRD "165"]
[BlackElo "1949"]
[BlackRD "120"]
[GameID "211709"]

1. e4 c6 2. Qf3 d5 3. exd5 cxd5 4. Qxd5 Qxd5 5. Bb5+ Qxb5 6. Ne2 e5 7. d4 exd4 8. Bf4 Bb4+ 9. Kf1 Ne7 10. Nc3 dxc3
11. Bxb8 Rxb8
0-1

[Event "friends"]
[Site "SchemingMind.com"]
[Date "2009.07.10"]
[Round "-"]
[White "Midlander"]
[Black "fervac"]
[Result "1-0"]
[WhiteCountry "ENG"]
[BlackCountry "NCA"]
[WhiteElo "2052"]
[WhiteRD "96"]
[BlackElo "1940"]
[BlackRD "75"]
[GameID "211767"]

1. c4 Nf6 2. g3 e6 3. Bg2 d5 4. Nf3 c6 5. b3 Be7 6. O-O O-O 7. Bb2 Nbd7 8. d3 b6 9. Nbd2 Bb7 10. Rc1 c5
11. cxd5 exd5 12. d4 Rc8 13. Rc2 Rc7 14. Qa1 Qa8 15. Rfc1 Rfc8 16. e3 Bd8 17. Bh3 c4 18. Ne5 b5 19. Ba3 Nb6 20. Bd6 Be7
21. Bxc7 Rxc7 22. a4 a6 23. Rb1 Bc8 24. Bxc8 Rxc8 25. axb5 axb5 26. Qxa8 Nxa8 27. bxc4 bxc4 28. Rb7 Bd6 29. Nxf7 Bf8 30. Ne5 Nc7
31. e4 Na6 32. Ra7 Nb4 33. Rc3 h6 34. exd5 Nbxd5 35. Rxc4 Rb8 36. Rc6 Bb4 37. Ndf3 Bc3 38. Nd7 Rb1+ 39. Kg2 Ne4 40. Ra8+ Kf7
41. Nde5+ Ke7 42. Ng6+
1-0